000 00775cam a2200205 i 4500
005 20260126125040.0
008 250721s2021 le gr 000 0 ara d
020 _a9786144369258
082 1 4 _a346.031
_bر م ا
100 1 _aابو رمان، ناصر زكريا
_eمؤلف.
245 1 0 _aمسؤولية الطبيب عن أفعال المساعدين :
_bدراسة مقارنة /
_cالدكتور ناصر زكريا حسين ابو رمان.
250 _aالطبعة الأولى.
264 3 1 _aبيروت :
_bمنشورات زين الحقوقية،
_c2021.
300 _a472 صفحة.
650 1 7 _aالتبعية القانونية.
650 1 7 _aالاهمال.
650 1 7 _aالاطباء.
942 _2ddc
_cBK
999 _c142696
_d142696